<?xml version="1.0" encoding="UTF-8"?>
<record
    xmlns:xsi="http://www.w3.org/2001/XMLSchema-instance"
    xsi:schemaLocation="http://www.loc.gov/MARC21/slim http://www.loc.gov/standards/marcxml/schema/MARC21slim.xsd"
    xmlns="http://www.loc.gov/MARC21/slim">

  <leader>01162cam a22002774a 4500</leader>
  <datafield tag="020" ind1=" " ind2=" ">
    <subfield code="a">1847559077</subfield>
  </datafield>
  <datafield tag="020" ind1=" " ind2=" ">
    <subfield code="a">9781847559074</subfield>
  </datafield>
  <datafield tag="082" ind1="0" ind2="0">
    <subfield code="a">574.526 HES</subfield>
  </datafield>
  <datafield tag="100" ind1=" " ind2=" ">
    <subfield code="a">Hester,R.E</subfield>
  </datafield>
  <datafield tag="100" ind1=" " ind2=" ">
    <subfield code="a">Harrison,R.M</subfield>
  </datafield>
  <datafield tag="245" ind1="0" ind2="0">
    <subfield code="a">Air quality in urban environments /</subfield>
  </datafield>
  <datafield tag="260" ind1=" " ind2=" ">
    <subfield code="a">Cambridge, UK :</subfield>
    <subfield code="b">RSC Publishing,</subfield>
    <subfield code="c">c2009.</subfield>
  </datafield>
  <datafield tag="300" ind1=" " ind2=" ">
    <subfield code="a">xii, 148 p. :</subfield>
    <subfield code="b">ill. ;</subfield>
  </datafield>
  <datafield tag="490" ind1="1" ind2=" ">
    <subfield code="a">Issues in environmental science and technology,</subfield>
  </datafield>
  <datafield tag="520" ind1="8" ind2=" ">
    <subfield code="a">This comprehensive volume deals with the basic science of urban air pollution in relation to the sources and concentrations, and the atmospheric chemical and physical processes which determine those concentrations and lead to the formation of secondary pollutants by chemical reactions in the atmosphere--</subfield>
  </datafield>
  <datafield tag="650" ind1=" " ind2="0">
    <subfield code="a">Air</subfield>
  </datafield>
  <datafield tag="650" ind1=" " ind2="0">
    <subfield code="a">Urban pollution.</subfield>
  </datafield>
  <datafield tag="650" ind1=" " ind2="0">
    <subfield code="a">Air quality management</subfield>
  </datafield>
  <datafield tag="650" ind1=" " ind2="0">
    <subfield code="a">Air</subfield>
  </datafield>
  <datafield tag="700" ind1="1" ind2=" ">
    <subfield code="a">Hester, R. E.</subfield>
  </datafield>
  <datafield tag="700" ind1="1" ind2=" ">
    <subfield code="a">Harrison, Roy M.,</subfield>
  </datafield>
  <datafield tag="856" ind1="4" ind2="2">
    <subfield code="u">http://www.loc.gov/catdir/enhancements/fy1109/2010275158-b.html</subfield>
  </datafield>
  <datafield tag="856" ind1="4" ind2="2">
    <subfield code="u">http://www.loc.gov/catdir/enhancements/fy1109/2010275158-d.html</subfield>
  </datafield>
  <datafield tag="856" ind1="4" ind2="1">
    <subfield code="u">http://www.loc.gov/catdir/enhancements/fy1109/2010275158-t.html</subfield>
  </datafield>
  <datafield tag="942" ind1=" " ind2=" ">
    <subfield code="c">BK</subfield>
  </datafield>
  <datafield tag="999" ind1=" " ind2=" ">
    <subfield code="c">1700</subfield>
    <subfield code="d">1700</subfield>
  </datafield>
  <datafield tag="952" ind1=" " ind2=" ">
    <subfield code="0">0</subfield>
    <subfield code="1">0</subfield>
    <subfield code="7">0</subfield>
    <subfield code="8">NFIC</subfield>
    <subfield code="a">IC</subfield>
    <subfield code="b">IC</subfield>
    <subfield code="c">GEN</subfield>
    <subfield code="d">2015-07-26</subfield>
    <subfield code="l">2</subfield>
    <subfield code="o">574.526 HES</subfield>
    <subfield code="p">005787</subfield>
    <subfield code="r">2022-11-17 00:00:00</subfield>
    <subfield code="s">2018-06-05</subfield>
    <subfield code="w">2015-07-26</subfield>
    <subfield code="y">BK</subfield>
  </datafield>
</record>
